|
|
|
|
| LEADER |
00000nam0a2200000 4500 |
| 001 |
236990 |
| 005 |
20231101231518.0 |
| 010 |
|
|
|a 9785370029783
|
| 035 |
|
|
|a (RuTPU)RU\TPU\book\258159
|
| 090 |
|
|
|a 236990
|
| 100 |
|
|
|a 20130508d2013 m y0rusy50 ca
|
| 101 |
0 |
|
|a rus
|
| 102 |
|
|
|a RU
|
| 105 |
|
|
|a a j 001zy
|
| 200 |
1 |
|
|a Управленческие решения: технология, методы и инструменты
|e учебное пособие для вузов
|f П. В. Шеметов [и др.]
|
| 205 |
|
|
|a 3-е изд., стер.
|
| 210 |
|
|
|a Москва
|c Омега-Л
|d 2013
|
| 215 |
|
|
|a 398 с.
|c ил.
|
| 225 |
1 |
|
|a Высшая школа менеджмента
|
| 320 |
|
|
|a Библиография в конце глав.
|
| 320 |
|
|
|a Словарь терминов: с. 393-398.
|
| 330 |
|
|
|a В учебном пособии рассмотрен комплекс проблем, связанных с разработкой управленческого решения: система научных концепций, методические основы теории принятия решений; природа и классы управленческих решений; методы и модели принятия решений; основные подходы к реализации отдельных этапов процесса принятия решений, в том числе диагностика и формулировка проблем, постановка целей, определение критериев, методы формирования альтернатив и их анализа, подготовка и планирование процесса реализации решений. Значительное внимание уделено учету человеческого фактора в процессе принятия решений. Изложение материала сопровождается примерами использования рассматриваемых методик в отечественной и зарубежной практике, контрольными вопросами, ситуационными задачами, тестами. Учебное пособие предназначено для студентов и магистрантов, обучающихся по направлениям,«Менеджмент», «Экономика», специальностям «Менеджмент организации», «Экономика и управление на предприятии», «Антикризисное управление», а также для менеджеров предприятий и организаций и преподавателей вузов.
|
| 606 |
1 |
|
|a Управленческие решения
|x Принятие
|2 stltpush
|3 (RuTPU)RU\TPU\subj\37173
|9 58293
|
| 610 |
1 |
|
|a управление
|
| 610 |
1 |
|
|a методология
|
| 610 |
1 |
|
|a требования
|
| 610 |
1 |
|
|a разработка
|
| 610 |
1 |
|
|a информационное обеспечение
|
| 610 |
1 |
|
|a диагностика
|
| 610 |
1 |
|
|a альтернативные решения
|
| 610 |
1 |
|
|a альтернативные действия
|
| 610 |
1 |
|
|a анализ
|
| 610 |
1 |
|
|a математические методы
|
| 610 |
1 |
|
|a коллективные решения
|
| 610 |
1 |
|
|a согласование
|
| 610 |
1 |
|
|a утверждение
|
| 610 |
1 |
|
|a реализация
|
| 610 |
1 |
|
|a контроль
|
| 610 |
1 |
|
|a внеязыковая среда
|
| 610 |
1 |
|
|a человеческий фактор
|
| 610 |
1 |
|
|a влияние
|
| 610 |
1 |
|
|a учебные пособия
|
| 686 |
|
|
|a У9(2)212.8я73
|v LBC/SL-A
|2 rubbk
|
| 701 |
|
1 |
|a Шеметов
|b П. В.
|g Петр Васильевич
|
| 701 |
|
1 |
|a Радионов
|b В. В.
|g Владимир Васильевич
|
| 701 |
|
1 |
|a Никифорова
|b Л. Е.
|g Людмила Евгеньевна
|
| 701 |
|
1 |
|a Петухова
|b С. В.
|g Светлана Валерьевна
|
| 801 |
|
1 |
|a RU
|b 63413507
|c 20130508
|
| 801 |
|
2 |
|a RU
|b 63413507
|c 20150519
|g RCR
|
| 900 |
|
|
|a Управленческие решения
|
| 942 |
|
|
|c BK
|
| 951 |
|
|
|b 080507
|
| 959 |
|
|
|a 88/20130507
|d 12
|e 259,00
|f ЧЗГЛ:1
|f АНЛ:1
|f УФ:10
|